00544nam a2200133Ia 4500008004100000040002900041050002200070100005800092245008000150260003400230942000700264952012400271999001500395230104s9999||||xx |||||||||||||| ||und|| cChuka University Library aQC 454 bB75 1955 aWilson, E. Bright, J.C. Decious, Paul C. Across93169 0aMolecular vibrations: the theory of infrared and raman vibrational spectra aMcGraw Hill co;bLondonc1955 cBK 00102lcc40708LGLaCHKbCHKcGENd2023-01-04l0oQC 454 .B75 1955p6334/2010r2023-01-04 00:00:00t1w2023-01-04yBK c4923d4923